[Event "Clash of the Titans - Karpov-Polgar"]
[Site "Lindsborg"]
[Date "2004.09.18"]
[Round "1"]
[White "Polgar, Zsuzsa"]
[Black "Karpov, Anatoly"]
[Result "1/2-1/2"]
[WhiteElo "2567"]
[BlackElo "2682"]
[EventDate "2004.09.18"]

1.Nf3 Nf6 2.d4 e6 3.c4 d5 4.Nc3 Be7 5.Bf4 O-O 6.e3 Nbd7 7.cxd5 exd5 8.Bd3 
c5 9.dxc5 Nxc5 10.O-O a6 11.h3 Be6 12.Nd4 Qb6 13.Rb1 Rfd8 14.b4 Nxd3 15.
Qxd3 Rac8 16.Na4 Qa7 17.Nc5 Bxc5 18.bxc5 Ne4 19.Nxe6 fxe6 20.Be5 Nxc5 21.
Qd4 b6 22.Rfc1 Rc6 23.Rc3 Qf7 24.Rbc1 a5 25.Qg4 Rf8 26.Rf1 Rcc8 27.Bd4 Nd7
28.Rb3 Rc2 29.f4 e5 30.Bxb6 Rxa2 31.f5 d4 32.Rfb1 Nxb6 33.Rxb6 dxe3 
1/2-1/2

[Event "FIDE GP"]
[Site "Dubai UAE"]
[Date "2002.04.07"]
[Round "4.2"]
[White "Topalov, Veselin"]
[Black "Karpov, Anatoly"]
[Result "1/2-1/2"]
[WhiteElo "2739"]
[BlackElo "2693"]
[EventDate "2002.04.03"]

1.d4 Nf6 2.c4 e6 3.Nf3 b6 4.g3 Ba6 5.Qb3 c6 6.Bf4 d5 7.cxd5 Nxd5 8.Bg5 Be7
9.Bxe7 Qxe7 10.Nbd2 O-O 11.e4 Nf6 12.Rc1 Rc8 13.e5 Nd5 14.Ne4 Bxf1 15.Kxf1
Nd7 16.Nd6 Rc7 17.Kg2 c5 18.Qa4 a6 19.dxc5 Nxc5 20.Qd4 Nb7 21.Nf5 exf5 22.
Qxd5 Rd8 23.Qb3 b5 24.Rhd1 Rxd1 25.Rxd1 g6 26.Qd5 Kg7 27.h4 Nc5 28.Rc1 Ne6
29.Rxc7 Qxc7 30.Nd4 1/2-1/2

[Event "8. Amber Blindfold"]
[Site "Monte Carlo MNC"]
[Date "1999.03.23"]
[Round "7"]
[White "Van Wely, Loek"]
[Black "Karpov, Anatoly"]
[Result "0-1"]
[WhiteElo "2632"]
[BlackElo "2710"]

1.d4 Nf6 2.c4 e6 3.Nf3 b6 4.g3 Ba6 5.b3 Bb4+ 6.Bd2 Be7 7.Bg2 c6 8.Bc3 d5 
9.Nbd2 O-O 10.O-O Nbd7 11.Re1 c5 12.e4 dxe4 13.Nxe4 Nxe4 14.Rxe4 Nf6 15.
Re3 Bb7 16.Ne5 Bxg2 17.Kxg2 cxd4 18.Bxd4 Qc7 19.Qf3 Rac8 20.Rd3 Rfd8 21.
Rad1 Rxd4 22.Rxd4 Qxe5 23.Qb7 Re8 24.Qxa7 Bc5 25.Rd8 Qe4+ 26.Kg1 Bxf2+ 27.
Kxf2 Ng4+ 28.Kg1 Qe3+ 29.Kg2 Qe2+ 30.Kh3 Nf2+ 0-1

[Event "Female vs Male Match"]
[Site "Guanzhou CHN"]
[Date "2000.04.12"]
[Round "4"]
[White "Xie Jun"]
[Black "Karpov, Anatoly"]
[Result "1/2-1/2"]
[WhiteElo "2542"]
[BlackElo "2696"]
[EventDate "2000.04.09"]

1.e4 c6 2.d4 d5 3.e5 Bf5 4.Nf3 e6 5.Be2 Ne7 6.O-O c5 7.c3 cxd4 8.cxd4 Nbc6
9.Nc3 Bg4 10.Nh4 Bxe2 11.Nxe2 Ng6 12.Nf3 Bb4 13.Bg5 Be7 14.Bxe7 Qxe7 15.
Rc1 O-O 16.Rc3 Rac8 17.Re1 Nb4 1/2-1/2

[Event "Female vs Male Match"]
[Site "Guanzhou CHN"]
[Date "2000.04.10"]
[Round "2"]
[White "Xie Jun"]
[Black "Karpov, Anatoly"]
[Result "1/2-1/2"]
[WhiteElo "2542"]
[BlackElo "2696"]
[EventDate "2000.04.09"]

1.e4 c6 2.d4 d5 3.e5 Bf5 4.Nf3 e6 5.Be2 Ne7 6.O-O h6 7.Nh4 Bh7 8.Bd3 Bxd3 
9.Qxd3 c5 10.c3 Nec6 11.Nf3 Nd7 12.Be3 Be7 13.Nbd2 Qb6 14.Rab1 cxd4 15.
cxd4 Nb4 16.Qb3 a5 17.a3 Nc6 18.Qd1 Qa6 19.Re1 Nb6 20.h3 a4 21.Nh2 Qd3 22.
Rc1 Na5 23.Nhf1 O-O 24.Rc3 Qh7 25.Qe2 Nbc4 26.Nxc4 Nxc4 27.Bc1 b5 28.Rd1 
b4 29.axb4 Bxb4 30.Rf3 Rfb8 31.Ng3 Bf8 32.Kh2 Ra7 33.Rdd3 Qg6 34.Qc2 Rb3 
35.Ne2 Rab7 36.Rg3 Qh7 37.Nf4 Qf5 38.Qe2 Rxb2 39.Qh5 Rc2 40.Qxh6 Qh7 41.
Nh5 Qxh6 42.Bxh6 Rxf2 43.Kg1 Rbb2 44.Bxg7 Bxg7 45.Rxg7+ Kf8 46.Rdg3 Ke7 
47.Nf6 Rxf6 48.exf6+ Kxf6 49.Rg8 a3 50.Ra8 Rd2 51.Rf3+ Kg6 52.Rg8+ Kh7 53.
Ra8 Kg6 54.Rg8+ Kh7 55.Ra8 1/2-1/2

[Event "Gp A"]
[Site "Cap d'Agde FRA"]
[Date "2000.10.31"]
[Round "5"]
[White "Zhang Pengxiang"]
[Black "Karpov, Anatoly"]
[Result "0-1"]
[WhiteElo "2525"]
[BlackElo "2699"]
[EventDate "2000.10.29"]

1.e4 e5 2.Nf3 Nf6 3.Nxe5 d6 4.Nf3 Nxe4 5.d4 d5 6.Bd3 Nc6 7.O-O Be7 8.c4 
Nb4 9.cxd5 Nxd3 10.Qxd3 Qxd5 11.Re1 Bf5 12.g4 Bg6 13.Nc3 Nxc3 14.Qxc3 f6 
15.b3 Kd7 16.Bf4 c6 17.Rad1 Rae8 18.Ne5+ Kc8 19.Nc4 h5 20.Rxe7 Rxe7 21.Qb4
Rd7 22.Nd6+ Rxd6 23.Qxd6 Qxd6 24.Bxd6 Rd8 25.Be7 Rd7 26.gxh5 Bxh5 27.Re1 
Rxd4 28.Re3 Rd7 29.Bf8 Rf7 30.Re8+ Kd7 31.Ra8 Ke6 32.Bc5 b6 33.Be3 Bf3 34.
Rd8 g5 35.b4 Rg7 36.Kf1 Rh7 37.Kg1 Bd5 38.a3 Kf5 39.Rf8 Rh4 40.Ra8 Rh7 41.
Rf8 Rd7 42.h3 Be4 43.Kh2 Rd1 44.f3 Bxf3 45.Kg3 Be4 46.Kf2 Kg6 47.Rg8+ Kf7 
48.Ra8 Rd7 49.Rc8 Kg6 50.a4 Bd5 51.a5 bxa5 52.bxa5 a6 53.Ra8 Bc4 54.Rc8 
Bb5 55.Rg8+ Kf7 56.Rh8 Kg7 57.Re8 Rd5 58.Rc8 Rd3 59.Rb8 Ra3 60.Rd8 Rxa5 
61.Bd4 Bc4 62.Rd6 Rf5+ 63.Kg3 Bd5 64.Kh2 a5 65.Rd7+ Kg6 66.Ra7 Rf4 67.Bc5 
a4 68.Re7 Rc4 69.Bd6 Rc2+ 70.Kg1 f5 71.Be5 f4 72.Rg7+ Kf5 73.Bd6 f3 0-1